Contemporary Constructions of the Child : Essays in Honor of William Kessen /

Compilación de las distintas participaciones en el congreso anual de la Asociación de Psicología Americana llevado a cabo en 1987. El documento está estructurado por tres temas centrales: la infancia humana; Pensamiento, lenguaje y el yo; Práctica y política, historia y política.

Guardado en:
Detalles Bibliográficos
Autor corporativo: Annual Meeting of the American Psychologial Association The Past as Prologue in Developmental Psycholoy: Plural Perspectives ( American Psychologial Association)
Otros autores: Kessel, Frank S. (edición) (edición), Bornstein, Marc H. (edición) (edición), Sameroff, Arnold J. (edición) (edición)
Formato: Procedimiento de la conferencia Libro
Idioma:Inglés
Publicado: Hillsdale, EUA : Lawrence Erlbaum Associates, 1991, c1991
Temas:
Etiquetas: Agrega una etiqueta
Sin etiquetas, Sé el primero en etiquetar este registro!

MARC

LEADER 00000nam^a2200000^a^4500
001 000182237
005 20250521000000.0
009 20260310102000.413
020 |a 0-8058-0607-5 
037 |a Acervo ITESO - Biblioteca 
041 |a ING 
082 |a 155. 4  |b ANN 1987 
111 |a Annual Meeting of the American Psychologial Association The Past as Prologue in Developmental Psycholoy: Plural Perspectives (  |d 1987 :  |c American Psychologial Association) 
245 1 0 |a Contemporary Constructions of the Child :  |b Essays in Honor of William Kessen /  |c Annual Meeting of the American Psychologial Association The Past as Prologue in Developmental Psycholoy: Plural Perspectives ; ed. de F.S. Kessel, M.H. Bornstein, A.J. Sameroff. 
264 4 |a Hillsdale, EUA :  |b Lawrence Erlbaum Associates,  |c 1991, c1991 
300 |a XXVI, 323 p. 
336 |a texto  |b txt  |2 rdacontenido 
337 |a sin mediación  |b n  |2 rdamedio 
338 |a volumen  |b nc  |2 rdasoporte 
520 |a Compilación de las distintas participaciones en el congreso anual de la Asociación de Psicología Americana llevado a cabo en 1987. El documento está estructurado por tres temas centrales: la infancia humana; Pensamiento, lenguaje y el yo; Práctica y política, historia y política. 
649 |a XX 
650 |a Niños -  |x Condiciones Psicológicas 
650 |a Percepción 
650 |a Psicología Cognitiva 
650 |a Desarrollo Cognoscitivo 
650 |a Relaciones Padres-Hijos 
650 |a Lenguaje y Lenguas 
650 |a Lenguaje y Pensamiento 
650 |a Racionamiento 
650 |a Diferencia y Otredad 
650 |a Identidad Personal 
650 |a Violencia Doméstica 
650 |a Género 
650 |a Educación Familiar 
650 |a Psicología Evolutiva 
650 |a Psicología 
700 |a Kessel, Frank S.  |e (edición) 
700 |a Bornstein, Marc H.  |e (edición) 
700 |a Sameroff, Arnold J.  |e (edición) 
910 |a Fondo General 
920 |a Impresos - Libros 
930 |a Colección General 
905 |a 101 
901 |a 0500122264  |b IT1  |c ACC  |u 20250521 
902 |a https://opac.biblio.iteso.mx/vufind/Record/000182237